[Event "ch-IND"]
[Site "Mumbai IND"]
[Date "2003.01.31"]
[Round "21"]
[White "Satyapragyan,S"]
[Black "Thipsay,P"]
[Result "1/2-1/2"]
[WhiteElo "2438"]
[BlackElo "2465"]
[EventDate "2003.01.18"]

1. e4 e5 2. Nf3 Nc6 3. Bb5 a6 4. Ba4 Nf6 5. d4 exd4 6. O-O Be7 7. Re1 b5 8.
Bb3 d6 9. Bd5 Nxd5 10. exd5 Ne5 11. Nxd4 O-O 12. Nc3 Bg4 13. f3 Bd7 14. b3
Re8 15. Bb2 Qb8 16. Ne4 Qb6 17. Kh1 Bf8 18. f4 Ng6 19. f5 Nf4 20. Qg4 Nxd5
21. Rad1 Re5 22. Nf3 Bxf5 23. Qh4 Rxe4 24. Rxe4 c6 25. Re2 Bg6 26. Rde1 Qb7
27. Qg4 Qc8 28. Qxc8 Rxc8 29. Nh4 Nf4 30. Nxg6 Nxg6 31. Re8 Rc7 32. Ra8 f6
33. Rxa6 Ne5 34. a4 bxa4 35. Bxe5 dxe5 36. bxa4 Kf7 37. a5 Bb4 38. Rb1 c5
39. Ra8 e4 40. a6 e3 41. Rb8 Kg6 42. Re8 Ra7 43. Rxe3 Rxa6 44. c3 Ba5 45.
Rg3+ Kh6 46. Rh3+ Kg6 47. Rg3+ Kh6 48. Rh3+ Kg6 49. Rg3+ 1/2-1/2

[Event "ch-IND"]
[Site "Mumbai IND"]
[Date "2003.01.31"]
[Round "21"]
[White "Barua,D"]
[Black "Venkatesh,M"]
[Result "1-0"]
[WhiteElo "2541"]
[BlackElo "2399"]
[EventDate "2003.01.18"]

1. e4 c5 2. Nf3 Nc6 3. d4 cxd4 4. Nxd4 Nf6 5. Nc3 e5 6. Ndb5 d6 7. Bg5 a6
8. Na3 b5 9. Bxf6 gxf6 10. Nd5 f5 11. c3 Bg7 12. exf5 Bxf5 13. Nc2 O-O 14.
Nce3 Be6 15. Bd3 f5 16. Qh5 Ra7 17. Rd1 e4 18. Bc2 Be5 19. g3 Rg7 20. Bb3
Kh8 21. Nf4 Bxb3 22. axb3 Qd7 23. Qh6 Rf6 24. Qh4 Rf8 25. Ned5 Qf7 26. Qh6
Re8 27. b4 a5 28. bxa5 Nxa5 29. Qh5 Qxh5 30. Nxh5 Ra7 31. O-O Nc4 32. b3
Nb2 33. Rd2 Nd3 34. f3 Rd8 35. fxe4 fxe4 36. Re2 Nc5 37. b4 Na4 38. Ref2
Bg7 39. Rf4 e3 40. Nxg7 Rxg7 41. Rf8+ Rg8 42. Rxd8 Rxd8 43. Rf7 e2 44. Kf2
Re8 45. Ke1 Kg8 46. Re7 Rxe7 47. Nxe7+ Kf7 48. Nd5 Kg6 49. Kxe2 Kf5 50. Kd3
Ke5 51. Nc7 Nb2+ 52. Kc2 Nc4 53. Nxb5 Ne3+ 54. Kb3 Nf1 55. Nd4 Nxh2 56. b5
d5 57. Kb4 Nf1 58. b6 Kd6 59. Kb5 Kd7 60. b7 Kc7 61. Ka6 1-0

[Event "ch-IND"]
[Site "Mumbai IND"]
[Date "2003.01.31"]
[Round "21"]
[White "Neelotpal,D"]
[Black "Ramesh,R"]
[Result "1/2-1/2"]
[WhiteElo "2406"]
[BlackElo "2472"]
[EventDate "2003.01.18"]

1. e4 c5 2. Nf3 Nc6 3. d4 cxd4 4. Nxd4 Nf6 5. Nc3 e5 6. Ndb5 d6 7. Nd5 Nxd5
8. exd5 Nb8 9. c4 Be7 10. Bd3 O-O 11. O-O a6 12. Nc3 f5 13. f3 Bg5 14. Kh1
Nd7 15. b4 a5 16. a3 axb4 17. Bxg5 Qxg5 18. axb4 Rxa1 19. Qxa1 Qe3 20. Be2
b5 21. Qc1 Qxc1 22. Rxc1 bxc4 23. Nb5 Bb7 24. Nxd6 Bxd5 25. Bxc4 Bxc4 26.
Rxc4 e4 27. fxe4 fxe4 28. Kg1 e3 29. Re4 Nf6 30. Rxe3 Nd5 31. Re4 Rd8 32.
Nf5 Rb8 33. b5 Nc3 34. Re7 g6 35. Nh6+ Kh8 36. Nf7+ Kg8 37. Ng5 Rxb5 38. h4
Rf5 39. Nxh7 Rf7 40. Rxf7 Kxf7 41. Ng5+ Kf6 42. Kf2 Nd5 43. Kf3 Ne7 44.
Ne4+ Kg7 45. Kg4 1/2-1/2

[Event "ch-IND"]
[Site "Mumbai IND"]
[Date "2003.01.31"]
[Round "21"]
[White "Ganguly,S"]
[Black "Saravanan,V"]
[Result "1-0"]
[WhiteElo "2556"]
[BlackElo "2357"]
[EventDate "2003.01.18"]

1. e4 c5 2. Nf3 d6 3. d4 cxd4 4. Nxd4 Nf6 5. Nc3 a6 6. Be2 e5 7. Nb3 Be7 8.
O-O O-O 9. Kh1 b5 10. a4 b4 11. Nd5 Bb7 12. f3 Nxd5 13. exd5 Nd7 14. c4
bxc3 15. bxc3 Bg5 16. Ba3 Qc7 17. c4 Be3 18. Bd3 g6 19. Rb1 Bc8 20. Qe1 Bc5
21. Bc1 f6 22. f4 exf4 23. Bxf4 Ne5 24. Bxe5 fxe5 25. Rxf8+ Kxf8 26. Qh4
Be3 27. Rf1+ Kg8 28. Qf6 Bh6 29. c5 Bg7 30. cxd6 Bxf6 31. dxc7 Be7 32. Rc1
Kf8 33. Rc6 Bd7 34. Bxa6 1-0

[Event "ch-IND"]
[Site "Mumbai IND"]
[Date "2003.01.31"]
[Round "21"]
[White "Ravi,L"]
[Black "Arvind,S"]
[Result "1/2-1/2"]
[WhiteElo "2419"]
[BlackElo "2330"]
[EventDate "2003.01.18"]

1. d4 Nf6 2. c4 c5 3. d5 b5 4. cxb5 a6 5. b6 d6 6. Nc3 g6 7. e4 Nbd7 8. a4
Qxb6 9. a5 Qa7 10. Nf3 Bg7 11. h3 O-O 12. Bc4 Rb8 13. O-O Ne8 14. Ra2 Nc7
15. Bg5 Re8 16. Qd2 Rb4 17. b3 Nb5 18. Ne2 Ne5 19. Nxe5 Bxe5 20. Be3 Qb8
21. f4 Bg7 22. f5 Be5 23. Kh1 Bd7 24. Qd3 Nc7 25. Bd2 Rb7 26. Qf3 f6 27.
fxg6 hxg6 28. Bf4 Rf8 29. Ng1 Kg7 30. Qg3 Bb5 31. Bxe5 dxe5 32. Qf2 Bxc4
33. bxc4 Ne8 34. Nf3 Nd6 35. Nd2 Rb2 36. Rxb2 Qxb2 37. Rb1 Qc2 38. Qe3 Nxe4
39. Nxe4 Qxb1+ 40. Kh2 Rh8 41. Nxc5 Qb4 42. Ne6+ Kf7 43. c5 Qxa5 44. Qf3
Qb4 45. c6 Qd6 46. Ng5+ Kg7 47. Ne6+ Kf7 48. Ng5+ Kg7 49. Ne6+ 1/2-1/2